Bài tập Turbo Pascal 5.5

v.v....

Đã lưu trong:
Chi tiết thư mục
Tác giả chính: Đỗ Phúc
Định dạng: Sách
Năm xuất bản: H. Giáo dục 1995
Chủ đề:
Tags: Thêm thẻ
Không có thẻ, Hãy là người đầu tiên gắn thẻ bản ghi này!
LEADER 00537nam a2200169 4500
082 |a 005.133  |b Đ450PH 
100 |a Đỗ Phúc 
245 |a Bài tập Turbo Pascal 5.5   |c Đỗ Phúc 
260 |a H.  |b Giáo dục  |c 1995 
300 |a 274tr.  |c 21cm 
520 |a v.v.... 
653 |a Tin học 
653 |a Ngôn ngữ Pascal 
653 |a Bài tập 
942 |2 ddc  |c SH 
999 |c 10544  |d 10544 
952 |0 0  |1 0  |2 ddc  |4 0  |6 005_133000000000000_Đ450PH  |7 0  |8 000  |9 82720  |a qbu  |b qbu  |c D2  |d 2015-08-12  |g 12000  |o 005.133 Đ450PH  |p 7347.c1  |r 0000-00-00  |w 2015-08-12  |y SH